[Event "Qualifikationsturnier zu Staat"]
[Site "KOeflach"]
[Date "2006.09.06"]
[Round "5"]
[Board "1"]
[White "Frank, Paul"]
[Black "Ganaus, Hannes"]
[Result "0-1"]
[WhiteElo "2151"]
[BlackElo "2318"]
[PlyCount "86"]
[EventDate "2006.09.02"]
[EventRounds "9"]
[EventCountry "AUT"]

1.d4 Nf6 2.Nf3 c5 3.dxc5 e6 4.g3 Bxc5 5.Bg2 d5 6.O-O Nc6 7.c4 O-O 8.Nc3 h6 9.Bd2
a6 10.Rc1 Ba7 11.cxd5 exd5 12.Na4 Ne4 13.Be1 Re8 14.Nd2 Qg5 15.Nf3 Qh5 16.Qb3 d4
17.Qa3 Bd7 18.b4 Qb5 19.Rc2 Nxb4 20.Rb2 Nc2 21.Rxc2 Qxa4 22.Qc1 Bb5 23.Rb2 Rac8
24.Qf4 Bb8 25.Qf5 Nc3 26.Kh1 Nxe2 27.Bd2 Qa3 28.Rfb1 Qc5 29.Qg4 Qd6 30.Nh4 Bd7
31.Nf5 Bxf5 32.Qxf5 b5 33.Bd5 Qf6 34.Qg4 Nc3 35.Rc1 Rcd8 36.Bg2 Bd6 37.Rcc2 b4
38.f4 a5 39.Qf3 d3 40.Qxd3 Bxf4 41.Bxc3 bxc3 42.Qxc3 Rd1+ 43.Bf1 Be5

[Event "Qualifikationsturnier zu Staat"]
[Site "KOeflach"]
[Date "2006.09.06"]
[Round "5"]
[Board "1"]
[White "Wukits, Rene"]
[Black "Dietmayer Kraeutler, Marco"]
[Result "1-0"]
[WhiteElo "2298"]
[BlackElo "2246"]
[PlyCount "81"]
[EventDate "2006.09.02"]
[EventRounds "9"]
[EventCountry "AUT"]

1.c4 e5 2.g3 g6 3.Nc3 Bg7 4.e4 d6 5.Bg2 Nc6 6.Nge2 f5 7.d3 Nf6 8.O-O O-O 9.Nd5
h6 10.Rb1 Nh5 11.Be3 Ne7 12.Nxe7+ Qxe7 13.Qd2 Kh7 14.exf5 gxf5 15.f4 Re8 16.Rbe1
Nf6 17.Kh1 Ng4 18.Bg1 h5 19.fxe5 dxe5 20.Nd4 Rf8 21.h3 Nh6 22.Qe2 h4 23.gxh4
Qxh4 24.Nf3 Qd8 25.Nxe5 Re8 26.d4 c5 27.Qh5 Re6 28.Nf7 Qf6 29.Ng5+ Kh8 30.Nxe6
Bxe6 31.d5 Bf7 32.Qf3 Qxb2 33.Re7 Bf6 34.Re2 Qb4 35.Be3 Ng8 36.Qxf5 Re8 37.Be4
Rxe4 38.Qxe4 b5 39.Bd2 Qa4 40.Bc3 Bxc3 41.Qh4+

[Event "Qualifikationsturnier zu Staat"]
[Site "KOeflach"]
[Date "2006.09.06"]
[Round "5"]
[Board "1"]
[White "Neumeier, Klaus"]
[Black "Holzer, Gerhard"]
[Result "1-0"]
[WhiteElo "2283"]
[BlackElo "2251"]
[PlyCount "54"]
[EventDate "2006.09.02"]
[EventRounds "9"]
[EventCountry "AUT"]

1.e4 c5 2.Nf3 b6 3.d4 cxd4 4.Nxd4 Bb7 5.Bd3 e6 6.b3 d6 7.O-O Nf6 8.Qe2 a6 9.c4
Nbd7 10.Nc3 Be7 11.Bb2 O-O 12.Rad1 Qc7 13.Bb1 Rfe8 14.f4 Bf8 15.Qf3 e5 16.Nf5 g6
17.Ne3 Bg7 18.f5 Rac8 19.Kh1 Qb8 20.g4 Bh6 21.fxg6 fxg6 22.Ned5 Re6 23.Qh3 Bg5
24.Bc1 h6 25.Bxg5 hxg5 26.Qh6 Nh7 27.Rf7 Ndf8

[Event "Qualifikationsturnier zu Staat"]
[Site "KOeflach"]
[Date "2006.09.06"]
[Round "5"]
[Board "1"]
[White "Steiner, Bruno"]
[Black "Hatzl, Johannes"]
[Result "1-0"]
[WhiteElo "2253"]
[BlackElo "2113"]
[PlyCount "65"]
[EventDate "2006.09.02"]
[EventRounds "9"]
[EventCountry "AUT"]

1.d4 d5 2.Bf4 c5 3.e4 dxe4 4.d5 Qb6 5.Nc3 Nf6 6.Qd2 Bd7 7.O-O-O Na6 8.f3 exf3
9.Nxf3 Nh5 10.d6 e6 11.Bg5 h6 12.Be7 Bxe7 13.dxe7 Nf6 14.Ne5 Qc7 15.Nxd7 Nxd7
16.Nb5 Qc6 17.Nd6+ Kxe7 18.Bb5 Qc7 19.Bxa6 bxa6 20.Qf4 Rhf8 21.Rhf1 g5 22.Nf5+
Kd8 23.Qe4 Rb8 24.Nxh6 Ke7 25.Qe3 f6 26.Nf5+ Kf7 27.Nd6+ Ke7 28.Nf5+ Kf7 29.Nd6+
Ke7 30.Rfe1 Ne5 31.Nc4 Qb7 32.Qxc5+ Kf7 33.Nd6+

[Event "Qualifikationsturnier zu Staat"]
[Site "KOeflach"]
[Date "2006.09.06"]
[Round "5"]
[Board "1"]
[White "Roth, Peter"]
[Black "Gneiss, Karl"]
[Result "1/2-1/2"]
[WhiteElo "2249"]
[BlackElo "2103"]
[PlyCount "84"]
[EventDate "2006.09.02"]
[EventRounds "9"]
[EventCountry "AUT"]

1.e4 d5 2.exd5 Nf6 3.c4 c6 4.Nc3 cxd5 5.cxd5 Nxd5 6.Bc4 e6 7.Nf3 Nc6 8.O-O Be7
9.d4 O-O 10.a3 a6 11.Ba2 b5 12.Qd3 Nxc3 13.bxc3 Bb7 14.Re1 Bf6 15.Bf4 Rc8
16.Rac1 g6 17.Bh6 Re8 18.Nd2 Na5 19.Ne4 Be7 20.Qg3 Nc4 21.Bxc4 Bxe4 22.Bxe6 Bd6
23.Bf4 Rxe6 24.Bxd6 Rxd6 25.Rxe4 Rxd4 26.Ree1 Rd3 27.Re8+ Qxe8 28.Qxd3 Qe7
29.Qd4 Qxa3 30.Re1 a5 31.g3 b4 32.cxb4 axb4 33.Qd7 Qc3 34.Re3 Qa1+ 35.Kg2 Qa8+
36.Kh3 Rd8 37.Qe7 Qc8+ 38.Kg2 Qc6+ 39.Rf3 Rd7 40.Qxb4 g5 41.Qg4 f6 42.h4 h6

[Event "Qualifikationsturnier zu Staat"]
[Site "KOeflach"]
[Date "2006.09.06"]
[Round "5"]
[Board "1"]
[White "Wiedner, Robert"]
[Black "Srienz, Christian"]
[Result "1-0"]
[WhiteElo "2143"]
[BlackElo "2261"]
[PlyCount "87"]
[EventDate "2006.09.02"]
[EventRounds "9"]
[EventCountry "AUT"]

1.c4 Nf6 2.Nf3 c5 3.d4 cxd4 4.Nxd4 Nc6 5.Nc3 e6 6.Nc2 Be7 7.g3 O-O 8.Bg2 a6
9.O-O Rb8 10.Bf4 d6 11.Qd2 Nh5 12.Be3 Ne5 13.b3 Ng4 14.Ba7 Ra8 15.Bd4 e5 16.Be3
f5 17.Nd5 Nxe3 18.Nxe7+ Qxe7 19.Nxe3 Be6 20.Rad1 Rad8 21.Nd5 Qf7 22.Qb4 e4 23.f3
f4 24.fxe4 Bxd5 25.Rxd5 Qg6 26.Qd2 fxg3 27.Rxf8+ Rxf8 28.Rg5 Qf6 29.hxg3 Qf2+
30.Kh2 Nf6 31.Qxd6 Qxe2 32.Qe6+ Kh8 33.e5 Rg8 34.Qf5 Ne8 35.Kh3 g6 36.Qf7 h6
37.Bd5 Rg7 38.Qxe8+ Kh7 39.Rg4 Qf1+ 40.Bg2 Qf5 41.Be4 Qf1+ 42.Kh4 Rg8 43.Bxg6+
Kh8 44.Qxg8+

[Event "Qualifikationsturnier zu Staat"]
[Site "KOeflach"]
[Date "2006.09.06"]
[Round "5"]
[Board "1"]
[White "Zojer, Thomas"]
[Black "Nickl, Klaus"]
[Result "1-0"]
[WhiteElo "2088"]
[BlackElo "2181"]
[PlyCount "75"]
[EventDate "2006.09.02"]
[EventRounds "9"]
[EventCountry "AUT"]

1.d4 Nf6 2.Nf3 g6 3.c4 Bg7 4.Nc3 O-O 5.e4 d6 6.Be2 e5 7.O-O Nc6 8.d5 Ne7 9.Ne1
Ne8 10.Nd3 f5 11.Bg5 f4 12.f3 Bf6 13.Bxf6 Rxf6 14.c5 h5 15.Rc1 g5 16.cxd6 cxd6
17.Nf2 Rg6 18.Rc2 Kh8 19.g4 hxg4 20.fxg4 Rh6 21.Qd3 Ng6 22.Bf3 Nh4 23.Rfc1 Bd7
24.Qd1 Qb6 25.Nb1 Nf6 26.h3 Nxf3+ 27.Qxf3 Kg7 28.Nd2 Rah8 29.Kg2 Rxh3 30.Nxh3
Bxg4 31.Rc7+ Kg6 32.Qf2 Bxh3+ 33.Kg1 Qa6 34.Re7 g4 35.Rcc7 g3 36.Rg7+ Kh6
37.Rxg3 Bg4 38.Rxg4

[Event "Qualifikationsturnier zu Staat"]
[Site "KOeflach"]
[Date "2006.09.06"]
[Round "5"]
[Board "1"]
[White "Winiwarter, Felix"]
[Black "Mittendorfer, Josef"]
[Result "1-0"]
[WhiteElo "2175"]
[BlackElo "2127"]
[PlyCount "85"]
[EventDate "2006.09.02"]
[EventRounds "9"]
[EventCountry "AUT"]

1.d4 d5 2.Nf3 Nf6 3.c4 e6 4.Nc3 Be7 5.e3 O-O 6.Bd3 Nbd7 7.O-O a6 8.b3 c5 9.Qe2
cxd4 10.exd4 b6 11.Bb2 Bb7 12.Ne5 Re8 13.Rac1 Nf8 14.Rfd1 Qd6 15.Bb1 Rac8 16.c5
bxc5 17.dxc5 Qb8 18.Na4 Ne4 19.c6 Ba8 20.Qxa6 f6 21.Bxe4 fxe5 22.Bd3 Bd6 23.Qb5
e4 24.Qxb8 Bxb8 25.Bb5 Bc7 26.Ba6 Rb8 27.Bd4 Ng6 28.Ba7 Rbd8 29.b4 Rd6 30.b5
Bxc6 31.bxc6 Ra8 32.Bc5 Rxa6 33.Bxd6 Bxd6 34.Nc5 Rxc6 35.Nxe6 Rxc1 36.Rxc1 Kf7
37.Nd4 Be5 38.Nb5 Ne7 39.a4 d4 40.a5 d3 41.a6 Nd5 42.Rc5 Ke6 43.Rxd5

[Event "Qualifikationsturnier zu Staat"]
[Site "KOeflach"]
[Date "2006.09.06"]
[Round "5"]
[Board "1"]
[White "Poetz, Florian"]
[Black "Meier, Alexander"]
[Result "1/2-1/2"]
[WhiteElo "2079"]
[BlackElo "2145"]
[PlyCount "34"]
[EventDate "2006.09.02"]
[EventRounds "9"]
[EventCountry "AUT"]

1.e4 g6 2.d4 Bg7 3.Nc3 d6 4.f4 a6 5.Nf3 b5 6.Bd3 Nd7 7.e5 e6 8.O-O Ne7 9.Ne4 d5
10.Nc5 O-O 11.Be3 Nxc5 12.dxc5 f6 13.Bd4 Nc6 14.Qe2 Qe7 15.c3 fxe5 16.fxe5 Nxd4
17.cxd4 Bd7

[Event "Qualifikationsturnier zu Staat"]
[Site "KOeflach"]
[Date "2006.09.06"]
[Round "5"]
[Board "1"]
[White "Halvax, Georg"]
[Black "Schwab, Rene"]
[Result "0-1"]
[WhiteElo "1969"]
[BlackElo "2224"]
[PlyCount "104"]
[EventDate "2006.09.02"]
[EventRounds "9"]
[EventCountry "AUT"]

1.e4 c6 2.d4 d5 3.e5 Bf5 4.Nc3 a5 5.Be3 a4 6.a3 Qb6 7.Qc1 e6 8.Nf3 Nd7 9.h3 f6
10.exf6 Ngxf6 11.Nh4 Be7 12.Nxf5 exf5 13.Bd3 Ne4 14.Ne2 Qa5+ 15.Bd2 Nxd2 16.Qxd2
Qxd2+ 17.Kxd2 O-O 18.Rhe1 g6 19.f3 Kg7 20.Kc3 Bd6 21.Kd2 Rae8 22.Rad1 Re7 23.Nc1
Rfe8 24.Rxe7+ Rxe7 25.Na2 Bg3 26.Nc1 Bh4 27.Ne2 Bf6 28.c3 Re8 29.Bc2 Nb6 30.Bd3
Nc8 31.Re1 Nd6 32.Kd1 Bg5 33.f4 Bf6 34.Nc1 Rc8 35.Bc2 b5 36.Nd3 Ne4 37.Nb4 Bh4
38.Re3 h6 39.Bxe4 dxe4 40.g3 Be7 41.Nc2 Bd6 42.Ne1 Kf6 43.Ke2 c5 44.Kd2 cxd4
45.cxd4 b4 46.Nc2 b3 47.Nb4 Bxb4+ 48.axb4 Rc2+ 49.Kd1 Rxb2 50.b5 a3 51.Kc1 Rc2+
52.Kb1 a2+

[Event "Qualifikationsturnier zu Staat"]
[Site "KOeflach"]
[Date "2006.09.06"]
[Round "5"]
[Board "1"]
[White "FrOewis, Georg"]
[Black "Holzbauer, Johannes"]
[Result "1-0"]
[WhiteElo "2112"]
[BlackElo "2098"]
[PlyCount "51"]
[EventDate "2006.09.02"]
[EventRounds "9"]
[EventCountry "AUT"]

1.e4 d5 2.exd5 Qxd5 3.Nc3 Qd6 4.d4 a6 5.Bc4 Nf6 6.Nf3 b5 7.Bd3 Bb7 8.a3 Nbd7
9.Qe2 e6 10.Bg5 Be7 11.O-O O-O 12.Rad1 Bd5 13.Ne5 Rfe8 14.Nxd5 exd5 15.Rfe1 Nf8
16.c3 Ne6 17.Bc1 c5 18.Bf5 g6 19.Nxf7 Kxf7 20.Bxe6+ Kg7 21.dxc5 Qxc5 22.Be3 Qc4
23.Bd4 Qxe2 24.Rxe2 Rad8 25.Rde1 Kh6 26.Bf7

[Event "Qualifikationsturnier zu Staat"]
[Site "KOeflach"]
[Date "2006.09.06"]
[Round "5"]
[Board "1"]
[White "Brunner, Gerhard"]
[Black "Saxer, Bernhard"]
[Result "0-1"]
[WhiteElo "2027"]
[BlackElo "2057"]
[PlyCount "48"]
[EventDate "2006.09.02"]
[EventRounds "9"]
[EventCountry "AUT"]

1.e4 e5 2.Nf3 d6 3.d4 exd4 4.Nxd4 Nf6 5.Nc3 Be7 6.Bf4 O-O 7.Qd2 Nbd7 8.O-O-O Ne5
9.f3 c6 10.g4 Qc7 11.Be2 b5 12.Nf5 Bxf5 13.exf5 b4 14.Ne4 d5 15.Ng3 Bd6 16.Kb1
Nc4 17.Bxc4 Bxf4 18.Qxb4 Rab8 19.Qa4 dxc4 20.Qxc4 Be5 21.b3 Nd5 22.Rd3 Qa5
23.Ne2 Nb4 24.Rdd1 Qxa2+

[Event "Qualifikationsturnier zu Staat"]
[Site "KOeflach"]
[Date "2006.09.07"]
[Round "6"]
[Board "1"]
[White "Fahrner, Kurt"]
[Black "Neuschmied, Siegfried"]
[Result "1-0"]
[WhiteElo "2346"]
[BlackElo "2295"]
[PlyCount "137"]
[EventDate "2006.09.02"]
[EventRounds "9"]
[EventCountry "AUT"]

1.c4 e5 2.g3 Nc6 3.Bg2 d6 4.Nc3 Be6 5.d3 Qd7 6.Rb1 g6 7.b4 Bg7 8.b5 Nd8 9.Bg5 f6
10.Bd2 Nh6 11.Nd5 Nhf7 12.Qa4 O-O 13.Nf3 a5 14.O-O b6 15.Qb3 Nb7 16.d4 Rae8
17.Bc3 Kh8 18.Rbd1 Qc8 19.Rfe1 Nh6 20.Qb2 Ng8 21.e3 Bf5 22.Nd2 Rf7 23.Nb3 Bg4
24.Rc1 Ne7 25.a4 Be6 26.Red1 Kg8 27.Rd2 Kh8 28.Qa1 Kg8 29.Bb2 Kh8 30.Qa3 Kg8
31.Rdc2 Bf5 32.e4 Be6 33.c5 Nxd5 34.exd5 Bf5 35.c6 Bxc2 36.cxb7 Qf5 37.Na1 Be4
38.Qc3 Bxg2 39.Qc6 Rfe7 40.Kxg2 Qe4+ 41.Kg1 Bh6 42.Rf1 Qf3 43.dxe5 fxe5 44.Nc2
Rf8 45.Qc4 Rb8 46.Ne1 Qf5 47.Qc6 Rf7 48.Ng2 Bd2 49.Nh4 Qd3 50.Bc1 Rbf8 51.b8=Q
Rxb8 52.Rd1 Qe2 53.Rxd2 Qe1+ 54.Kg2 Rbf8 55.Qc2 g5 56.Re2 Qb4 57.Bxg5 Qg4 58.Bc1
Kh8 59.Kg1 Rg8 60.Ng2 Qf3 61.Re4 Rg4 62.Rxg4 Qxg4 63.Be3 Qf3 64.Qd3 Rg7 65.h3
Qh5 66.Kh2 Rg4 67.Qd1 Rh4 68.Qxh5 Rxh5 69.g4

[Event "Qualifikationsturnier zu Staat"]
[Site "KOeflach"]
[Date "2006.09.07"]
[Round "6"]
[Board "1"]
[White "Baumegger, Siegfried"]
[Black "Bawart, Markus"]
[Result "1/2-1/2"]
[WhiteElo "2411"]
[BlackElo "2334"]
[PlyCount "92"]
[EventDate "2006.09.02"]
[EventRounds "9"]
[EventCountry "AUT"]

1.Nf3 Nf6 2.c4 g6 3.Nc3 Bg7 4.e4 d6 5.d4 O-O 6.h3 e5 7.d5 Nh5 8.Nh2 c5 9.g3 a6
10.Be2 Nf6 11.g4 b5 12.g5 Ne8 13.cxb5 axb5 14.Bxb5 f5 15.h4 fxe4 16.Ng4 Rf3
17.Ne3 Ra7 18.Bxe8 Qxe8 19.Nxe4 Qf8 20.Nf6+ Rxf6 21.gxf6 Bxf6 22.Bd2 Rf7 23.Qc2
Bg7 24.O-O-O Rxf2 25.Rdf1 Rf4 26.Rxf4 exf4 27.Rf1 Be5 28.Nc4 Bh3 29.Rf2 Nd7
30.a4 Bf5 31.Qb3 Be4 32.Qb7 Qf5 33.Qc8+ Kg7 34.Nxe5 dxe5 35.Bc3 Kh6 36.Qd8 Bxd5
37.Qe7 Kh5 38.a5 e4 39.Rg2 h6 40.Qd6 e3 41.Rxg6 Bb3 42.Rxh6+ Kg4 43.Qg6+ Qxg6
44.Rxg6+ Kxh4 45.Be1+ Kh5 46.Rd6 f3

[Event "Qualifikationsturnier zu Staat"]
[Site "KOeflach"]
[Date "2006.09.07"]
[Round "6"]
[Board "1"]
[White "Titz, Heimo"]
[Black "Lendwai, Reinhard"]
[Result "0-1"]
[WhiteElo "2286"]
[BlackElo "2428"]
[PlyCount "130"]
[EventDate "2006.09.02"]
[EventRounds "9"]
[EventCountry "AUT"]

1.c4 c5 2.g3 g6 3.Bg2 Bg7 4.Nc3 Nc6 5.e4 d6 6.Nge2 e6 7.d3 Nge7 8.O-O O-O 9.a3
Qd7 10.Rb1 b6 11.Be3 Nd4 12.e5 Bb7 13.Bxb7 Qxb7 14.Bxd4 cxd4 15.exd6 Nf5 16.Ne4
Rfd8 17.b4 Nxd6 18.Nxd6 Rxd6 19.Nf4 Bh6 20.Ng2 e5 21.Re1 Re8 22.f3 Rf6 23.Rf1
Rfe6 24.Rb2 f5 25.Re2 Qc6 26.Qb3 Kh8 27.Rff2 Qd6 28.Rf1 Bg7 29.Ree1 h5 30.Qd1
Bh6 31.Rf2 Kh7 32.Rff1 a5 33.Qb3 axb4 34.axb4 Bd2 35.Rb1 Be3+ 36.Kh1 f4 37.Qd1
Kg7 38.Qe2 Ra8 39.Rb2 Re7 40.Rfb1 Kh6 41.Nxe3 dxe3 42.Kg2 Ra3 43.Rb3 Rea7
44.Rxa3 Rxa3 45.gxf4 exf4 46.c5 bxc5 47.bxc5 Qxc5 48.Qb2 Rc3 49.Qb8 Qg5+ 50.Kh1
Qf6 51.Qb2 Qc6 52.Rf1 Kh7 53.Qa2 Qb7 54.d4 Rd3 55.Qc4 Rd2 56.d5 Qf7 57.Qe4 Rxd5
58.Rg1 Rd7 59.Rg5 Kh6 60.h4 Qf6 61.Qe8 Rf7 62.Qe4 Kg7 63.Kh2 Rd7 64.Kh3 Rd6
65.Re5 Kh6

[Event "Qualifikationsturnier zu Staat"]
[Site "KOeflach"]
[Date "2006.09.07"]
[Round "6"]
[Board "1"]
[White "Petschar, Kurt"]
[Black "Hoelzl, Franz"]
[Result "1/2-1/2"]
[WhiteElo "2284"]
[BlackElo "2351"]
[PlyCount "74"]
[EventDate "2006.09.02"]
[EventRounds "9"]
[EventCountry "AUT"]

1.e4 c6 2.c4 e5 3.Nf3 d6 4.d4 Nd7 5.Nc3 Ngf6 6.Be2 Be7 7.O-O O-O 8.Re1 a6 9.Bf1
b5 10.a3 Bb7 11.h3 Re8 12.Qc2 Qc7 13.cxb5 cxb5 14.d5 Rac8 15.Be3 Nc5 16.Nd2 Qb8
17.Rac1 Bd8 18.b4 Na4 19.Qb3 Nxc3 20.Rxc3 Rxc3 21.Qxc3 Re7 22.a4 Rc7 23.Qa3 h6
24.axb5 axb5 25.Rc1 Bc8 26.Rxc7 Bxc7 27.Qa7 Bd7 28.Qxb8+ Bxb8 29.f3 Ne8 30.Nb1
Nc7 31.Na3 Na6 32.Nc2 Kf8 33.Kf2 Ke7 34.Ke2 Kd8 35.Kd2 Kc8 36.Kc3 Kb7 37.Na3 Nc7

[Event "Qualifikationsturnier zu Staat"]
[Site "KOeflach"]
[Date "2006.09.07"]
[Round "6"]
[Board "1"]
[White "Ganaus, Hannes"]
[Black "Wukits, Rene"]
[Result "1/2-1/2"]
[WhiteElo "2318"]
[BlackElo "2298"]
[PlyCount "68"]
[EventDate "2006.09.02"]
[EventRounds "9"]
[EventCountry "AUT"]

1.Nf3 d5 2.e3 Nf6 3.b3 Bg4 4.Bb2 Nbd7 5.h3 Bxf3 6.Qxf3 c6 7.g3 e6 8.Bg2 Bd6
9.Qe2 Qe7 10.d3 Bb4+ 11.c3 Bd6 12.a3 e5 13.Nd2 e4 14.d4 O-O 15.c4 Rab8 16.O-O
Ne8 17.c5 Bc7 18.b4 f5 19.a4 g5 20.f4 exf3 21.Rxf3 Ng7 22.g4 Rbe8 23.Raf1 Bf4
24.Re1 Nf6 25.Bf1 fxg4 26.hxg4 Qd7 27.Bh3 Qe6 28.Nf1 Bc7 29.Nh2 Ne4 30.Ref1 Rxf3
31.Rxf3 Qe7 32.Nf1 Ne6 33.Nd2 Nf8 34.Bg2 Nxd2

[Event "Qualifikationsturnier zu Staat"]
[Site "KOeflach"]
[Date "2006.09.07"]
[Round "6"]
[Board "1"]
[White "Schachinger, Mario"]
[Black "Neumeier, Klaus"]
[Result "0-1"]
[WhiteElo "2277"]
[BlackElo "2283"]
[PlyCount "121"]
[EventDate "2006.09.02"]
[EventRounds "9"]
[EventCountry "AUT"]

1.e4 c5 2.Nf3 Nc6 3.d4 cxd4 4.Nxd4 g6 5.g3 Bg7 6.Ne2 Nf6 7.Bg2 O-O 8.O-O Rb8
9.c4 a6 10.Nbc3 b5 11.c5 b4 12.Nd5 Qa5 13.Bf4 Rb7 14.Qc1 Ng4 15.h3 Nge5 16.Rd1
Qb5 17.Bxe5 Bxe5 18.Bf1 Qa5 19.f4 Bg7 20.e5 f6 21.Nd4 fxe5 22.Nb3 Qd8 23.Bxa6
exf4 24.Nxf4 Qe8 25.Qc4+ Kh8 26.Bxb7 Bxb7 27.Qd5 Bc8 28.Nd3 e6 29.Qe4 Bb7 30.Rf1
Rf5 31.g4 Rd5 32.Rae1 Qb8 33.Nf4 Re5 34.Qc4 Rxe1 35.Rxe1 Ne5 36.Rxe5 Bxe5 37.Ne2
Bd5 38.Qd3 Qf8 39.Qe3 Qf6 40.g5 Qf5 41.Nbd4 Qb1+ 42.Kf2 Bg7 43.Qd2 Qe4 44.Qxb4
Qh4+ 45.Kf1 Qxh3+ 46.Ke1 Qh4+ 47.Kd1 e5 48.Qb8+ Bg8 49.Nb3 Qxg5 50.Qe8 Qf5
51.Nd2 h5 52.a4 h4 53.Qd8 Bf6 54.Qf8 Kh7 55.Ne4 Bg7 56.Qxf5 gxf5 57.Ng5+ Kg6
58.Nf3 h3 59.Nh4+ Kg5 60.Nf3+ Kh5 61.Nfg1

[Event "Qualifikationsturnier zu Staat"]
[Site "KOeflach"]
[Date "2006.09.07"]
[Round "6"]
[Board "1"]
[White "Genser, Harald"]
[Black "Schnider, Gert"]
[Result "1/2-1/2"]
[WhiteElo "2332"]
[BlackElo "2270"]
[PlyCount "50"]
[EventDate "2006.09.02"]
[EventRounds "9"]
[EventCountry "AUT"]

1.d4 Nf6 2.c4 e6 3.Nc3 Bb4 4.Qc2 O-O 5.a3 Bxc3+ 6.Qxc3 b6 7.Bg5 h6 8.Bh4 Bb7
9.f3 d5 10.e3 Nbd7 11.cxd5 Nxd5 12.Bxd8 Nxc3 13.Bh4 Nd5 14.Bf2 f5 15.Bb5 c6
16.Ba4 e5 17.Ne2 Rae8 18.Kd2 Rd8 19.Bb3 Kh8 20.Nc3 N5f6 21.Kc2 Rfe8 22.dxe5 Nxe5
23.Rad1 Ba6 24.Rxd8 Rxd8 25.Bg3 Nc4

[Event "Qualifikationsturnier zu Staat"]
[Site "KOeflach"]
[Date "2006.09.07"]
[Round "6"]
[Board "1"]
[White "Krebs, Johann"]
[Black "Steiner, Bruno"]
[Result "0-1"]
[WhiteElo "2276"]
[BlackElo "2253"]
[PlyCount "50"]
[EventDate "2006.09.02"]
[EventRounds "9"]
[EventCountry "AUT"]

1.d4 d5 2.Nf3 c6 3.c4 Nf6 4.Nc3 e6 5.Bg5 Be7 6.e3 O-O 7.Qc2 Nbd7 8.cxd5 exd5
9.Bd3 Re8 10.O-O Nf8 11.Rab1 a5 12.a3 Ng6 13.Nd2 Bd6 14.h3 h6 15.Bxf6 Qxf6
16.Rfe1 Nh4 17.Bf1 Bf5 18.e4 dxe4 19.Ndxe4 Qg6 20.Kh1 Rad8 21.Re2 Bc7 22.Rbe1
Re6 23.d5 cxd5 24.Nxd5 Rxd5 25.Qxc7 Bxe4

[Event "Qualifikationsturnier zu Staat"]
[Site "KOeflach"]
[Date "2006.09.07"]
[Round "6"]
[Board "1"]
[White "Bachler, Reinhard"]
[Black "Lenz, Alarich"]
[Result "0-1"]
[WhiteElo "2274"]
[BlackElo "2196"]
[PlyCount "72"]
[EventDate "2006.09.02"]
[EventRounds "9"]
[EventCountry "AUT"]

1.e4 c5 2.d3 e6 3.g3 d5 4.Nd2 Bd6 5.Bg2 Ne7 6.f4 Nbc6 7.Ngf3 f6 8.c3 O-O 9.O-O
d4 10.c4 Rb8 11.Ne1 a6 12.Qe2 b5 13.h4 Bd7 14.Bh3 f5 15.Ng2 e5 16.exf5 exf4
17.g4 f3 18.Nxf3 bxc4 19.Bf4 cxd3 20.Qxd3 Qc7 21.Ng5 Bxf4 22.Nxf4 Ne5 23.Qxa6
Rb6 24.Qa3 Nc4 25.Qd3 Ne3 26.f6 Ng6 27.f7+ Rxf7 28.Ne2 Rxf1+ 29.Rxf1 Nxf1
30.Qc4+ Be6 31.Nxe6 Qh2+ 32.Kxf1 Qxh3+ 33.Ke1 Qh1+ 34.Kf2 Qxh4+ 35.Kf1 Qh1+
36.Ng1 Ne5

[Event "Qualifikationsturnier zu Staat"]
[Site "KOeflach"]
[Date "2006.09.07"]
[Round "6"]
[Board "1"]
[White "Holzer, Gerhard"]
[Black "Frank, Paul"]
[Result "1/2-1/2"]
[WhiteElo "2251"]
[BlackElo "2151"]
[PlyCount "67"]
[EventDate "2006.09.02"]
[EventRounds "9"]
[EventCountry "AUT"]

1.e4 c5 2.Nf3 Nc6 3.Bb5 e6 4.O-O Nge7 5.Re1 a6 6.Bf1 d6 7.d4 cxd4 8.Nxd4 Nxd4
9.Qxd4 Nc6 10.Qe3 Be7 11.c4 O-O 12.Nc3 Bd7 13.b3 Qa5 14.Bd2 Qh5 15.Ne2 Ne5
16.Nf4 Qh4 17.Nd3 Ng6 18.g3 Qf6 19.Bg2 Rab8 20.Rac1 Rfc8 21.Bc3 Qg5 22.f4 Qh6
23.Qe2 b5 24.Bd2 bxc4 25.Nf2 Nf8 26.f5 Qf6 27.Bc3 Qg5 28.Bd2 Qf6 29.Bc3 Qg5
30.Nh3 Qh6 31.Bd2 Qf6 32.Bc3 Qh6 33.Bd2 Qf6 34.Bc3

[Event "Qualifikationsturnier zu Staat"]
[Site "KOeflach"]
[Date "2006.09.07"]
[Round "6"]
[Board "1"]
[White "Dietmayer Kraeutler, Marco"]
[Black "Wiedner, Robert"]
[Result "0-1"]
[WhiteElo "2246"]
[BlackElo "2143"]
[PlyCount "194"]
[EventDate "2006.09.02"]
[EventRounds "9"]
[EventCountry "AUT"]

1.d4 e6 2.c4 Nf6 3.Nc3 Bb4 4.Bd2 O-O 5.Qc2 d5 6.e3 c5 7.Nf3 Nc6 8.cxd5 exd5
9.Be2 cxd4 10.Nxd4 Nxd4 11.exd4 Qb6 12.Qd3 Ne4 13.O-O Nxd2 14.Qxd2 Be6 15.Rac1
Rac8 16.Bd3 g6 17.Qe3 Rfe8 18.Ne2 Rxc1 19.Qxc1 Bf8 20.b3 Bf5 21.Qd2 Bh6 22.Qc2
Bg4 23.f3 Bd7 24.Rd1 Be3+ 25.Kf1 Qd6 26.g3 Bh3+ 27.Ke1 Qb4+ 28.Qc3 Qa3 29.Be4
Bh6 30.Bxd5 Qxa2 31.Be4 Qa6 32.Qc4 Qb6 33.Qd5 Qb4+ 34.Kf2 Bc8 35.Qc4 Qa5 36.d5
Bd7 37.Qc3 Qb6+ 38.Qd4 Qd6 39.f4 Bg7 40.Qd3 Qc5+ 41.Nd4 Bb5 42.Qe3 f5 43.Nxb5
Qxb5 44.Bd3 Rxe3 45.Bxb5 Rxb3 46.Be2 Kf8 47.Rc1 Rc3 48.Rxc3 Bxc3 49.Ke3 Ke7
50.g4 Bb4 51.gxf5 gxf5 52.Kd4 Bd6 53.Bd3 Kf6 54.h3 h6 55.Ke3 Bc5+ 56.Kd2 h5
57.Be2 h4 58.Bb5 a6 59.Bd7 b5 60.Kd3 Bd6 61.Ke3 Bc7 62.Bc8 a5 63.Bd7 a4 64.Bxb5
a3 65.Bc4 Ke7 66.Ba2 Bd6 67.Bb1 Kd8 68.Ba2 Kc7 69.Bb3 Kb6 70.Bc4 Kc5 71.Ba2 Bc7
72.Kd3 Bxf4 73.Kc3 Bd6 74.Kd3 Be5 75.Ke3 Bc7 76.Kd3 Kb4 77.Kd4 Bd6 78.Kd3 Be5
79.Kd2 Kc5 80.Kd3 Kd6 81.Ke3 Ke7 82.Bb3 Kf6 83.Ba2 Bd6 84.Kd4 Kg5 85.Ke3 Bc5+
86.Kf3 Kf6 87.Kf4 Bd6+ 88.Ke3 Ke5 89.Bb3 Bc5+ 90.Kf3 f4 91.Ba2 Bd6 92.Bb3 Kd4
93.Ba2 Kd3 94.Bb3 Kc3 95.Ba2 Kb2 96.Bc4 a2 97.Bxa2 Kxa2

[Event "Qualifikationsturnier zu Staat"]
[Site "KOeflach"]
[Date "2006.09.07"]
[Round "6"]
[Board "1"]
[White "Zojer, Thomas"]
[Black "Winiwarter, Felix"]
[Result "1/2-1/2"]
[WhiteElo "2088"]
[BlackElo "2175"]
[PlyCount "50"]
[EventDate "2006.09.02"]
[EventRounds "9"]
[EventCountry "AUT"]

1.d4 Nf6 2.Nf3 d5 3.c4 e6 4.Nc3 c5 5.e3 Nc6 6.a3 a6 7.Bd3 Bd6 8.O-O O-O 9.dxc5
Bxc5 10.b4 Bd6 11.Bb2 Qe7 12.Qc2 Rd8 13.Rfd1 h6 14.Rac1 dxc4 15.Bxc4 b5 16.Bd3
Bb7 17.Qe2 Ne5 18.Nxe5 Bxe5 19.Nb1 Bxb2 20.Qxb2 Rd7 21.h3 Rad8 22.Be2 Ne4
23.Rxd7 Rxd7 24.Bf3 Qd8 25.Qc2 Nf6

[Event "Qualifikationsturnier zu Staat"]
[Site "KOeflach"]
[Date "2006.09.07"]
[Round "6"]
[Board "1"]
[White "Hatzl, Johannes"]
[Black "Roth, Peter"]
[Result "1/2-1/2"]
[WhiteElo "2113"]
[BlackElo "2249"]
[PlyCount "103"]
[EventDate "2006.09.02"]
[EventRounds "9"]
[EventCountry "AUT"]

1.e4 e6 2.d4 d5 3.Nd2 Nc6 4.c3 e5 5.exd5 Qxd5 6.Ngf3 exd4 7.Bc4 Qf5 8.Nxd4 Nxd4
9.cxd4 Be6 10.Qa4+ Bd7 11.Qb3 O-O-O 12.O-O Bd6 13.Bd5 c6 14.Bxf7 Nh6 15.Bc4 Rhf8
16.h3 Bc7 17.Nf3 Qh5 18.Be6 Bxe6 19.Qxe6+ Kb8 20.Bxh6 gxh6 21.Qg4 Qxg4 22.hxg4
Rf4 23.Rfe1 Rxg4 24.Re7 Rdg8 25.g3 R4g7 26.Rae1 Bd6 27.R7e6 Bb4 28.R1e2 Rg6
29.a3 Ba5 30.Re8+ Bd8 31.Nh4 Rxe8 32.Rxe8 Rd6 33.Nf5 Rd5 34.Re5 Rd7 35.Nxh6 Rxd4
36.Nf7 Bb6 37.Re2 a5 38.Ng5 Rg4 39.Ne4 Bd4 40.Kg2 Rg6 41.f4 c5 42.Rc2 Rb6
43.Nxc5 Rxb2 44.Nd7+ Ka7 45.Rxb2 Bxb2 46.a4 Ka6 47.Nc5+ Kb6 48.Nb3 Bc3 49.Kf3
Kc6 50.Ke4 b5 51.axb5+ Kxb5 52.Nxa5

[Event "Qualifikationsturnier zu Staat"]
[Site "KOeflach"]
[Date "2006.09.07"]
[Round "6"]
[Board "1"]
[White "Schwab, Rene"]
[Black "FrOewis, Georg"]
[Result "1-0"]
[WhiteElo "2224"]
[BlackElo "2112"]
[PlyCount "97"]
[EventDate "2006.09.02"]
[EventRounds "9"]
[EventCountry "AUT"]

1.c4 e6 2.g3 d5 3.cxd5 exd5 4.Bg2 Nf6 5.Nf3 Bd6 6.O-O O-O 7.b3 c6 8.Bb2 Re8 9.d3
Qe7 10.Re1 Bg4 11.Nbd2 Ba3 12.Qc2 Nbd7 13.Rab1 Bxb2 14.Qxb2 Qd6 15.b4 Re7 16.a3
Rae8 17.Nb3 Bxf3 18.Bxf3 Ne5 19.Qd2 Nxf3+ 20.exf3 Nd7 21.f4 Nf6 22.Nd4 Qd7
23.Kg2 h6 24.Re3 Ng4 25.Rxe7 Qxe7 26.Nf3 Nf6 27.Re1 Qd8 28.Rxe8+ Qxe8 29.Nd4 Qd7
30.Qe2 a6 31.Qe5 Qe8 32.Nf5 Qd8 33.h3 Ne8 34.a4 Kf8 35.a5 Qd7 36.g4 f6 37.Qe3
Kf7 38.Qc5 h5 39.f3 Qe6 40.Kf2 Qd7 41.Ng3 hxg4 42.fxg4 g6 43.Qd4 Qe7 44.h4 Nc7
45.f5 Nb5 46.fxg6+ Kxg6 47.Qf4 Nd6 48.h5+ Kg7 49.Qxd6